000 00300nam a2200121Ia 4500
008 240112s1983 xx 000 0 und d
041 _aeng
082 _a616.3403
100 _aGORDEN G.
245 _aTHE YEAR BOOK OF ENDOCRINOLOGY (Y/B SERIES)
260 _bTHE Y/B PUB
_c1983
300 _a453,HB
999 _c1142443
_d1142443